000
00267nam a22001337a 4500
082
_a
823
_b
COO/W
100
_a
COOLIDGE SUSAN
245
_a
WHAT KATY DID
250
_a
1
260
_a
ENGLAND
_b
LADY BIRD
300
_a
51
650
_a
ENGLISH SHORT STOR
942
_c
BK
999
_c
1975
_d
1975